=LDR 00000nam 2200000 4500 =001 001142 =005 20250714090705 =035 ##$$a 0010-0725001026 =007 ta =008 250714################a##########0#ind## =020 ##$$a 978-623-307-366-0 =082 ##$$a 398.209 598 =084 ##$$a 398.209 598 PAV b =100 #$$a Pavithra sankaran =245 1#$$a Buku besar para : $b Monster /$c Pavithra sankaran =250 ##$$a Cetakan pertama =260 ##$$a Rawamangun :$b Badan pengembangan dan pembinaan bahasa,$c 2022 =300 ##$$a 20hlm. : $b Ilus. ; $c 29,7cm =650 #4$$a Cerita anak indonesia-terjemahan